| 000 | 00830cam a2200241 a 4500 | ||
|---|---|---|---|
| 999 |
_c233215 _d233215 |
||
| 001 | 11947604 | ||
| 003 | Nust | ||
| 005 | 20170305113539.0 | ||
| 008 | 000320s1999 enk 000 1 eng | ||
| 010 | _a 00302622 | ||
| 020 | _a9780571203918 | ||
| 040 |
_aDLC _cDLC _dDLC |
||
| 043 | _ae-uk--- | ||
| 050 | 0 | 0 |
_aPR6061.U68 _bM54 1999 |
| 082 | 0 | 0 |
_a823.914 _bKUR |
| 100 | 1 | _aKureishi, Hanif. | |
| 245 | 1 | 0 |
_aMidnight all day / _cHanif Kureishi. |
| 260 |
_aLondon : _bFaber and Faber, _c1999. |
||
| 300 |
_a217 p. ; _c22 cm. |
||
| 651 | 0 |
_aGreat Britain _xSocial life and customs _y20th century _vFiction. |
|
| 906 |
_a7 _bcbc _corignew _d3 _encip _f20 _gy-gencatlg |
||
| 942 |
_2ddc _cBK |
||